00317nam a2200145Ia 45000010005000000080041000050200018000460400013000640820018000771000019000952450030001142600009001443000011001535460007001648819140325s9999 xx 000 0 und d a0-7472-0953-7 cPK-LaUMT a 613.7bBRO-B aBrown, Carolan aBodywatchcBrown, Carolan c1994 a160 p. aEN